Divergent Deaths (Allegiant Spoilers) Quiz Stats

 Plays Quiz not verified by Sporcle

Score 0/14 Timer 03:00
1 Play Today
Death Name % Correct
Dauntless initiate who committed suicide Al
96.4%
Dauntless initiate shot by Tris during Dauntless attack simulationWill
85.9%
Dauntless leader shot by Four in Candor interrogation roomEric
81.4%
Dauntless born jumped off building while under simulationMarlene
70.6%
Dauntless initiate shot by David in weapons labTris
69.4%
Abnegation leader shot by Dauntless soldiers under simulationAndrew
68.1%
Abnegation member shot by Dauntless soldiers under simulationNatalie
67.7%
Death Name % Correct
Dauntless leader shot by Lynn during meeting with Jack KangMax
64.4%
Dauntless born comatose due to explosion. Plug pulled by familyUriah
64.3%
Dauntless member shot trying to escape past the fence with the AllegiantTori
63.3%
Erudite member shot by Tori in Erudite HeadquatersJeanine
59.3%
Dauntless born fatally wounded by shot and comforted by Uriah and TrisLynn
58.5%
Factionless member killed in a riot in which the faction symbols were destroyedEdward
52.1%
Erudite member killed by Candor gunfire while moving across a ladderFernando
43.7%

You're not logged in!

Compare scores with friends on all Sporcle quizzes.
OR
Log In

Show Comments

Extras

Top Quizzes Today


Score Distribution

Your Account Isn't Verified!

In order to create a playlist on Sporcle, you need to verify the email address you used during registration. Go to your Sporcle Settings to finish the process.

Report this User

Report this user for behavior that violates our Community Guidelines.

Details: